REVIEW OF METHAPHYSICS (Record no. 496610)

000 -CABECERA
Campo de control de longitud fija 00395nas a2200145 4500
001 - NÚMERO DE CONTROL
Campo de control Rev843
003 - IDENTIFICADOR DEL NÚMERO DE CONTROL
Campo de control ES-SlBC
008 - CÓDIGOS DE INFORMACIÓN DE LONGITUD FIJA
Campo de control de longitud fija 131126b xxue||p| |||| 00| 0 eng d
245 00 - MENCIÓN DE TÍTULO
Título REVIEW OF METHAPHYSICS
Resto del título :A Philosophical Quarterly
Mención de responsabilidad, etc. Catholic University of America
260 ## - PUBLICACIÓN, DISTRIBUCIÓN, ETC... (PIE DE IMPRENTA)
Lugar de publicación, distribución, etc. Washington.D.C.
270 ## - DIRECCIÓN
Dirección
Ciudad Washington.D.C.
País 20064 USA
310 ## - PERIODICIDAD ACTUAL
Periodicidad actual Trimestral
942 ## - ENTRADA DE ELEMENTOS AGREGADOS (KOHA)
Koha [por defecto] tipo de item Revistas
Holdings
Suprimido Perdido Estropeado No para préstamo Localización permanente Localización actual Localización en estantería Fecha adquisición Préstamos totales Número de Registro / Código de Barras Fecha última consulta Fecha del precio de reemplazo Tipo de item de Koha
        San Esteban San Esteban Depósito de revistas 27/11/2013   RMetaphys 27/11/2013 27/11/2013 Revistas

Bibliotecas Dominicos Provincia Hispania, 2016

Con tecnología Koha